000 00292nam a22001337a 4500
008 170601b xxu||||| |||| 00| 0 eng d
020 _a9780767411929
041 _aeng
080 _a93
100 _a17
101 _aSHH
245 _aTHE PAST IN PERSPECTIVE
_cFEDER, K.L
942 _2udc
_cBK
999 _c15314
_d15314